00521nam a2200169Ia 450000500170000000800410001702000130005808200130007124500120008426000480009630000130014450000440015770000340020194200060023595200950024199900150033620250528032055.0240331s9999 xx 000 0 und d a13910949 bPRAa303 0aPravada aColombobSocial Scientist Associationc2006 a167 p ., aPravada - volume January- December 2006 aSocial Science Society. eedt cL 001040708LaWERCLbWERCLcSSCd2024-03-31l0o 303 PRAp6631r2024-03-31w2024-03-31yL c5651d5651